| 000 | 00813cam a22002054a 4500 | ||
|---|---|---|---|
| 020 | _a087031064X | ||
| 082 | 0 | 0 |
_a624.171 _bWIL _cN-01, P-89 |
| 245 | 0 | 0 |
_aFinite element analysis of reinforced concrete structures / _ceditors, Kaspar Willam, Tada-aki Tanabe. |
| 260 |
_aFarmington Hills, Mich. : _bACI International, _cc2001. |
||
| 300 |
_aviii, 399 p. : _bill. ; _c23 cm. |
||
| 500 | _aPapers in honor of Alexander C. Scordelis, presented at the ACI Fall 2000 Convention, Toronto. | ||
| 526 |
_a0 _b0 _c0 _d624_171000000000000_WIL |
||
| 650 | 0 |
_aFinite element method _91938 |
|
| 650 | 0 | _aReinforced concrete construction | |
| 700 | 1 |
_aScordelis, Alex C. _942848 |
|
| 700 | 1 |
_aTanabe, Tada-aki. _942849 |
|
| 700 | 1 |
_aWillam, Kaspar J. _942850 |
|
| 710 | 2 |
_aAmerican Concrete Institute. _937057 |
|
| 942 |
_2ddc _cBK |
||
| 999 |
_c546662 _d546662 |
||